Seminar on the tourism sector and construction of the European community = Seminaire sur l'industrie touristique face a la construction europeenne communautaire : Bruges, Belgium, 5-6 May 1992 : Bruges, Belgique, 5-6 Mai 1992
Saved in:
| Corporate Author: | |
|---|---|
| Format: | Book |
| Language: | English |
| Published: |
Belgium :
World Tourism Organization,
c1992
|
| Subjects: | |
| Tags: |
Add Tag
No Tags, Be the first to tag this record!
|
MARC
| LEADER | 00000cam a2200000 i 4500 | ||
|---|---|---|---|
| 001 | 1/45986 | ||
| 008 | 971205s1992 eng d | ||
| 020 | |a 92-844-0036-8 | ||
| 035 | |l 10026239 | ||
| 040 | |a GR-MY-UA |b gre |e aacr | ||
| 041 | 0 | |a eng | |
| 082 | 0 | |a 338.4791 | |
| 110 | 2 | |a World Tourism Organization. | |
| 245 | 1 | 0 | |a Seminar on the tourism sector and construction of the European community = |b Seminaire sur l'industrie touristique face a la construction europeenne communautaire : Bruges, Belgium, 5-6 May 1992 : Bruges, Belgique, 5-6 Mai 1992 |
| 260 | |a Belgium : |b World Tourism Organization, |c c1992 | ||
| 300 | |a 208 p. | ||
| 650 | 0 | 0 | |a Tourism. |
| 852 | |a INST |b CHIOS |e 19971205 |h 338.4791 SEM |p 005200003159 |q 005200003159 |t BK |y 0 | ||
| 901 | |a BIBL-1997-3 | ||
| 909 | |a Χ |b 034389 | ||